Представление документа в формате MARC21

Поле Инд. ПП Название Значение
Тип записи a
Библиографический уровень a
001 Контрольный номер 624a7d947af0417c86c3e6d69a172aff
005 Дата корректировки 20260423092225.1
020 a ISBN 978-5-907919-723
040 a Служба первич. каталог. НБ ТвГУ
b Код языка каталог. rus
e Правила каталог. PSBO
041 0_ a Код языка текста rus
097 b Оператор Komarova.ES
100 1_ a Автор Головко Александр Власович
q Полное имя Головко А. В.
245 10 a Заглавие О слове замолвлю я слово
260 a Место издания Москва
b Издательство Московский союз литераторов
504 a Библиография Библиогр. в подстроч. примеч.
520 0_ a Аннотация Современное использование, обращение со словом вновь заставляет нас задуматься об ответственном отношении нынешнего поколения этому бесценному дару, данному нам свыше. Всё больше заметны проблемы языка, вольные формы его употребления в различных сферах нашей жизнедеятельности. Как найти ту золотую середину: не потерять великое наследие прошлого и остаться Слову все же узнаваемым русским языком?
653 0_ a Ключевые слова Национальный культурный код
a Ключевые слова Слово
a Ключевые слова Язык
a Ключевые слова Духовность
a Ключевые слова Воспитание
a Ключевые слова Влияние
a Ключевые слова Современность
773 18 w Контрольный № источника b6c41c0621c24b1a8844e5348daa290e
t Название источника IV международная научно-практическая конференция "Русский язык и литература в современном мире: как сохранить национальный культурный код"
d Место и дата издания Москва : Московский союз литераторов, 2026
g Прочая информация С. 144-151
901 t Тип документа a
920 a Оператор Кома
954 b Дата поступления в ОК 20260423